Phát triển kinh tế -xã hội

Enregistré dans:
Détails bibliographiques
Auteur principal: Không rõ
Format: Livre
Langue:Vietnamese
Publié: Chính trị quốc gia 1999
Tags: Ajouter un tag
Pas de tags, Soyez le premier à ajouter un tag!
Thư viện lưu trữ: Mạng thư viện Đại học Đà Nẵng
LEADER 00628nam a2200277 4500
001 000025640
003 1201
005 20150325120000.0
008 150325s vm 000 vie
020 |c 24000,0000 
040 |a D4 
100 |a Không rõ 
245 |a Phát triển kinh tế -xã hội 
260 |b Chính trị quốc gia  |c 1999 
300 |a 319tr. ; 
OWN |a LTT 
999 |a From the UDN01 
TYP |a Monograph 
TYP |a Printed language 
980 |a Mạng thư viện Đại học Đà Nẵng